<?xml version="1.0" encoding="UTF-8"?>
<record
    xmlns:xsi="http://www.w3.org/2001/XMLSchema-instance"
    xsi:schemaLocation="http://www.loc.gov/MARC21/slim http://www.loc.gov/standards/marcxml/schema/MARC21slim.xsd"
    xmlns="http://www.loc.gov/MARC21/slim">

  <leader>01738nas a2200277Ia 4500</leader>
  <controlfield tag="001">R050-R9747</controlfield>
  <controlfield tag="003">IT-CnALBA</controlfield>
  <controlfield tag="008">170116c99999999xx ||||||||||||   ||und||</controlfield>
  <datafield tag="040" ind1=" " ind2=" ">
    <subfield code="a">IT-CnALBA</subfield>
    <subfield code="c">IT-CnALBA</subfield>
  </datafield>
  <datafield tag="041" ind1=" " ind2=" ">
    <subfield code="a">POLIGLOTTA </subfield>
  </datafield>
  <datafield tag="100" ind1=" " ind2=" ">
    <subfield code="a">PIOLANTI ANTONIO, MONSIGNORE</subfield>
  </datafield>
  <datafield tag="210" ind1=" " ind2=" ">
    <subfield code="a">DIVUS THOMAS</subfield>
  </datafield>
  <datafield tag="222" ind1=" " ind2=" ">
    <subfield code="a">DIVUS THOMAS</subfield>
  </datafield>
  <datafield tag="245" ind1=" " ind2="0">
    <subfield code="a">DIVUS THOMAS. COMMENTARIUM DE PHILOSOPHIA ET THEOLOGIA. GENNAIO DICEMBRE 1951. </subfield>
  </datafield>
  <datafield tag="250" ind1=" " ind2=" ">
    <subfield code="a">1a ed.</subfield>
  </datafield>
  <datafield tag="260" ind1=" " ind2=" ">
    <subfield code="a"> PIACENZA</subfield>
    <subfield code="b">COLLEGIO ALBERONI </subfield>
    <subfield code="c">1951 [1&#xB0; Ed.:1951 - Ed.Ling.Originale: 1951]</subfield>
  </datafield>
  <datafield tag="300" ind1=" " ind2=" ">
    <subfield code="a">439 p. </subfield>
  </datafield>
  <datafield tag="310" ind1=" " ind2=" ">
    <subfield code="a">QUADRIMESTRALE</subfield>
  </datafield>
  <datafield tag="362" ind1=" " ind2=" ">
    <subfield code="a">Fascicolo: 1-3 / Anno: 54 (1951)</subfield>
  </datafield>
  <datafield tag="500" ind1=" " ind2=" ">
    <subfield code="a">COMMENTI DI FILOSOFIA E TEOLOGIA. CICCONE L. VIGANO'' M. LANDUCCI P. C. VERARDO R. M. BETTA L. SACRIFICIO ALLA MENSA ED ESSENZA. GLI ARGOMENTI DEL MONOLOGIUM E LA QUARTA VIA DI S. TOMMASO. IL CASO NESTORIA VISTO DA ROMA. FINITEZZA DELL'UNIVERSO. DISTINZIONE REALE META FISICA, NON OGGETTIVA TRA ESSERE ED ESSENZA &#xC8; SECONDO IL PENSIERO DI S. TOMMASO. L'EGITTO DI FRONTE AL DOGMA DELL'ASSUNZIONE. GIUDIZIO DELLE OPERE. DOCUMENTI VARI. </subfield>
  </datafield>
  <datafield tag="501" ind1=" " ind2=" ">
    <subfield code="a">Societ&#xE0; San Paolo EM - Piazza San Paolo, 14 - 12051 ALBA (CN)  (non commercial uses only) &#xAE; Copyright 2017</subfield>
  </datafield>
  <datafield tag="520" ind1=" " ind2=" ">
    <subfield code="a">COMMENTI DI FILOSOFIA E TEOLOGIA. CICCONE L. VIGANO'' M. LANDUCCI P. C. VERARDO R. M. BETTA L. SACRIFICIO ALLA MENSA ED ESSENZA. GLI ARGOMENTI DEL MONOLOGIUM E LA QUARTA VIA DI S. TOMMASO. IL CASO NESTORIA VISTO DA ROMA. FINITEZZA DELL'UNIVERSO. DISTINZIONE REALE META FISICA, NON OGGETTIVA TRA ESSERE ED ESSENZA &#xC8; SECONDO IL PENSIERO DI S. TOMMASO. L'EGITTO DI FRONTE AL DOGMA DELL'ASSUNZIONE. GIUDIZIO DELLE OPERE. DOCUMENTI VARI. </subfield>
  </datafield>
  <datafield tag="650" ind1=" " ind2=" ">
    <subfield code="a">TEOLOGIA - FILOSOFIA</subfield>
  </datafield>
  <datafield tag="942" ind1=" " ind2=" ">
    <subfield code="c">CR</subfield>
  </datafield>
  <datafield tag="957" ind1=" " ind2=" ">
    <subfield code="7">1</subfield>
  </datafield>
  <datafield tag="999" ind1=" " ind2=" ">
    <subfield code="a">61314</subfield>
    <subfield code="b">NO</subfield>
    <subfield code="g">1</subfield>
    <subfield code="c">328340</subfield>
    <subfield code="d">328340</subfield>
  </datafield>
  <datafield tag="952" ind1=" " ind2=" ">
    <subfield code="0">0</subfield>
    <subfield code="1">0</subfield>
    <subfield code="4">0</subfield>
    <subfield code="6">R_050R9747</subfield>
    <subfield code="7">1</subfield>
    <subfield code="a">ALBA</subfield>
    <subfield code="b">ALBA</subfield>
    <subfield code="d">2017-01-16</subfield>
    <subfield code="l">0</subfield>
    <subfield code="o">R050-R9747</subfield>
    <subfield code="r">2017-01-16 00:00:00</subfield>
    <subfield code="w">2017-01-16</subfield>
    <subfield code="y">CR</subfield>
    <subfield code="z">(data import: 16 gennaio 2017) - By Epidotti, Vaglietti. </subfield>
  </datafield>
</record>
